How Fiscal Space Matters? Evidence on Fiscal Multipliers from Threshold SVAR Methodology
Alternatívna prahová SVAR metodika na meranie fiškálnych multiplikátorov vo vybraných svetových ekonomikách s ohľadom na veľkosť fiškálneho priestoru definovaného proxy premennou primárneho salda, ktorá môže byť v podstatnej miere spojená so schopnosťou nástrojov fiškálnej politiky ovplyvňovať outpu...
Na minha lista:
| Autor principal: | |
|---|---|
| Outros Autores: | |
| Formato: | Capítulo de Livro |
| Idioma: | inglês |
| Assuntos: | |
| Tags: |
Sem tags, seja o primeiro a adicionar uma tag!
|
MARC
| LEADER | 00000naa a2200000 4500 | ||
|---|---|---|---|
| 001 | 0273962 | ||
| 005 | 20210525140259.6 | ||
| 041 | 0 | |a eng | |
| 044 | |a SK | ||
| 245 | 1 | 0 | |a How Fiscal Space Matters? Evidence on Fiscal Multipliers from Threshold SVAR Methodology |c Martin Kameník, Ľubica Štiblárová |
| 520 | |a Alternatívna prahová SVAR metodika na meranie fiškálnych multiplikátorov vo vybraných svetových ekonomikách s ohľadom na veľkosť fiškálneho priestoru definovaného proxy premennou primárneho salda, ktorá môže byť v podstatnej miere spojená so schopnosťou nástrojov fiškálnej politiky ovplyvňovať output. Pozitívne a negatívne šoky nemusia nevyhnutne vyústiť do symetrickej reakcie premenných, keďže nižšie hodnoty fiškálneho multiplikátora (t. j. menej efektívne fiškálne politiky) sú pozorované v prípade, keď ekonomiky vykazujú slabšiu fiškálnu pozíciu. | ||
| 610 | 2 | 0 | |a politika fiškálna |
| 610 | 2 | 0 | |a výdavky |
| 610 | 2 | 0 | |a vláda |
| 610 | 2 | 0 | |a multiplikátor |
| 610 | 2 | 0 | |a saldo |
| 100 | 1 | |a Kameník, Martin | |
| 700 | 1 | |a Štiblárová, Ľubica | |